|
|
|
|
| LEADER |
00000cam a2200000 7i4500 |
| 001 |
0000006638 |
| 002 |
000007160 |
| 005 |
20000330.0 |
| 020 |
|
|
|a 9836229795
|
| 090 |
0 |
0 |
|a 297.122
|b SYA
|
| 100 |
1 |
|
|a Syalabiy, Saad Ismail
|
| 245 |
1 |
0 |
|a Kiblat orang Islam
|c Saad Ismail Syalabiy ; penterjemah Fariza Abdul Rahman
|
| 260 |
|
|
|a Cairo :
|b Dar Al-FIkir Al-Arabi ,
|c 1993
|
| 300 |
|
|
|a 41p. :
|b ill. ;
|c 23cm.
|
| 490 |
0 |
|
|a Siri pendidikan Al Quran untuk kanak-kanak
|
| 650 |
0 |
0 |
|a Islamic stories, Malay
|
| 700 |
1 |
|
|a Fariza Abdul Rahman ,
|e penterjemah
|
| 999 |
|
|
|a 039901
|b BUKU
|c PINJAMAN
|e PERPUSTAKAAN KOMUNITI PETALING JAYA
|
| 999 |
|
|
|a 039902
|b BUKU
|c PINJAMAN
|e PERPUSTAKAAN KOMUNITI PETALING JAYA
|
| 999 |
|
|
|a 046296
|b BUKU
|c JUNIOR BOOKS
|e PERPUSTAKAAN KOMUNITI CAW KOTA DAMANSARA
|
| 999 |
|
|
|a 046297
|b BUKU
|c JUNIOR BOOKS
|e PERPUSTAKAAN KOMUNITI CAW KOTA DAMANSARA
|
| 999 |
|
|
|a 054959
|b BUKU
|c JUNIOR BOOKS
|e PERPUSTAKAAN KOMUNITI CAW KOTA DAMANSARA
|